La pintura como medio de investigación psicodiagnóstica: relaciones con el test de Rorschach

Gorde:
Xehetasun bibliografikoak
Egile Nagusiak: De Luca, P. L (Egilea), Sachettini, B (Egilea)
Formatua: Liburua
Hizkuntza:gaztelania
Argitaratua: Roma Sandoz 1963
Saila:Psicopatología de la Expresión
Gaiak:
Etiketak: Etiketa erantsi
Etiketarik gabe, Izan zaitez lehena erregistro honi etiketa jartzen!

MARC

LEADER 00000nam a2200000 a 4500
001 UCW5433
003 CL-VaPUC
008 910418e19630000IT |||||||||||||||||spa|d
082 0 4 |a 157  |b DEL  |2 21 
100 0 |a De Luca, P. L  |e author  |9 310416 
700 0 |a Sachettini, B  |e author  |9 310417 
245 1 3 |a La pintura como medio de investigación psicodiagnóstica: relaciones con el test de Rorschach 
300 |a pág. irreg 
942 |c BK 
945 |d 19910418 00:00:00 
260 |a Roma  |b Sandoz  |c 1963 
650 0 |a Test de Rorschach  |9 310418 
650 0 |a Psicología aplicada   |9 270762 
650 0 |a Dibujo   |9 260181 
650 0 |a Aspectos psicológicos  |9 258128 
583 |a last modification  |c 20130102 10:04:19  |k Rodrigo Vera 
490 0 |a Psicopatología de la Expresión 
999 |c 218874  |d 218872 
952 |0 0  |1 0  |4 0  |6 157_000000000000000_DEL_1963  |7 0  |8 P  |9 209120  |a BIBEDU  |b BIBEDU  |c BIBEDU_PB  |d 2019-11-15  |i 2769212  |o 157 DEL 1963  |p 2769212  |r 2024-01-25  |w 2019-11-15  |y BK  |k EDU